Statistiken für Alle Pokémon - Attacken vom Typ "Gift"

Klicken Sie hier um das Quiz zu spielen!

Allgemein

  • Dieses Quiz wurde 5 mal gespielt
    (3 seit der letzten Aktualisierung)
  • Das Durchschnittsergebnis liegt bei 11 aus 36

Antwortstatistiken

Attacke% Korrekt
Gifthieb
100%
Giftpuder
100%
Giftstachel
100%
Schlammbad
100%
Toxin
100%
Giftschweif
67%
Mülltreffer
67%
Säure
67%
Säurepanzer
67%
Giftschock
33%
Giftspitzen
33%
Giftstreich
33%
Giftwolke
33%
Giftzahn
33%
Giga -Gestank
33%
Magensäfte
33%
Matschbombe
33%
Schlammwoge
33%
Smog
33%
Bunker
0%
Dyna -Giftschwall
0%
Einrollen
0%
Giftfaden
0%
Giftfalle
0%
Giftkettung
0%
Giftstachelregen
0%
Klärsmog
0%
Korrosionsgas
0%
Läuterung
0%
Letalwirbler
0%
Muschelwaffe
0%
Rülpser
0%
Säurespeier
0%
Toxiturbo
0%
Unheilsklauen
0%
Vernichtender Säureregen
0%

Verteilung der Resultate

Perzentil nach korrekt beantworteten Fragen

Anzahl Personen mit jedem Resultat

Ihre Resultats-Entwicklung

Sie haben dieses Quiz seit der letzten Aktualisierung nicht gespielt